000 00531nam a2200133 4500
999 _c8328
_d8328
008 180120b xxu||||| |||| 00| 0 eng d
082 _aDPer 050 Dec 2015-Mar 2016 T48 v186-187
100 _925755
_aElliott, Philip.
245 _aGrowing pains for the LGBT march:
_bcaution and concern among activists after a year of big wins/
_cPhilip Elliott.
260 _aNew York :
_bTime Inc.,
_c©Dec 2015-Mar 2016.
300 _av186 n27-28, pages 30-31:
_billustrations;
_c27 cm.
650 0 _925756
_aHomosexuality.
942 _2ddc
_cPER